Estampas de mi álbum (Record no. 84386)

MARC details
000 -LEADER
campo de control de longitud fija 00640nam a2200193 i 4500
001 - NÚMERO DE CONTROL
campo de control 84386
003 - IDENTIFICADOR DE NÚMERO DE CONTROL
campo de control ES-MaACL
005 - FECHA Y HORA DE LA ÚLTIMA TRANSACCIÓN
campo de control 20230906175016.0
007 - CAMPO FIJO DE DESCRIPCIÓN FÍSICA--INFORMACIÓN GENERAL
campo de control de longitud fija t|
008 - DATOS DE LONGITUD FIJA--INFORMACIÓN GENERAL
campo de control de longitud fija 041122s1968 sp |||| | spa d
100 1# - ENTRADA PRINCIPAL--NOMBRE DE PERSONA
Nombre de persona Jimeno, Domingo.
9 (RLIN) 66637
245 10 - MENCIÓN DEL TÍTULO
Título Estampas de mi álbum
Resto del título : Aranda de Duero y su comarca /
Mención de responsabilidad, etc. Domingo Ximeno ; prólogo, Pedro Carazo Carnicero.
260 ## - PUBLICACIÓN, DISTRIBUCIÓN, ETC.
Lugar de publicación, distribución, etc. [S.l. :
Nombre del editor, distribuidor, etc. s.n.,
Fecha de publicación, distribución, etc. 1968]
300 ## - DESCRIPCIÓN FÍSICA
Extensión 164 p., 11 lám. ;
Dimensiones 24 cm.
651 #4 - PUNTO DE ACCESO ADICIONAL DE MATERIA--NOMBRE GEOGRÁFICO
Nombre geográfico Aranda de Duero-
Subdivisión general Descripción.
9 (RLIN) 168800
651 #4 - PUNTO DE ACCESO ADICIONAL DE MATERIA--NOMBRE GEOGRÁFICO
Nombre geográfico Aranda de Duero-
Subdivisión general Usos y costumbres.
9 (RLIN) 168801
700 1# - ENTRADA AGREGADA--NOMBRE PERSONAL
Nombre de persona Carazo Carnicero, Pedro.
9 (RLIN) 34983
852 ## - LOCALIZACIÓN
Ubicación ES-MaACL
Número de control de estantería C-46103
Holdings
Estatus retirado Estado de pérdida Estado de daño No para préstamo Biblioteca de origen Biblioteca actual Ubicación en estantería Fecha de adquisición Fuente de adquisición Total de préstamos Signatura topográfica completa Código de barras Visto por última vez Precio de reemplazo Tipo de ítem Koha
        Biblioteca del Ateneo de Madrid Biblioteca del Ateneo de Madrid Depósito 2 17/01/2008     C-46103 1088188 23/02/2023 23/02/2023 Libro impreso